[Event "III Aberto do Brasil Cidade de MaringÃƒÂ"]
[Site "Country Club de MaringÃƒÂ¡ - P"]
[Date "2013.07.25"]
[Round "3"]
[White "DELGADO, Lidio Dias"]
[Black "DEUS FILHO, Joaquim De"]
[Result "0-1"]
[WhiteElo "2294"]
[BlackElo "2040"]
[PlyCount "78"]
[EventDate "2013.07.24"]

1. e4 c5 2. c3 d5 3. exd5 Qxd5 4. d4 cxd4 5. cxd4 Nc6 6. Nf3 Bg4 7. Be2 e6 8.
Nc3 Qd6 9. O-O a6 10. Be3 Nf6 11. a3 Be7 12. Qb3 O-O 13. Rfd1 Nd5 14. Ne4 Qb8
15. Rac1 Rc8 16. h3 Bf5 17. Nc5 b5 18. Bd2 Bg6 19. Nd7 Qa7 20. Nde5 Nxd4 21.
Nxd4 Qxd4 22. Nxg6 hxg6 23. Bf3 Qe5 24. Ba5 Rxc1 25. Rxc1 Bd8 26. Re1 Qg5 27.
Bc3 Bb6 28. Be5 Rc8 29. Bxd5 Qd2 30. Rf1 exd5 31. Bc3 Qg5 32. Qb4 d4 33. Bd2
Qd5 34. Qe7 Rc2 35. Bc1 d3 36. Be3 d2 37. Rd1 Rc1 38. Qe8+ Kh7 39. Rxc1 dxc1=Q+
0-1

[Event "III Aberto do Brasil Cidade de MaringÃƒÂ"]
[Site "Country Club de MaringÃƒÂ¡ - P"]
[Date "2013.07.25"]
[Round "3"]
[White "PROUDIAN, Armen"]
[Black "LUKACHEWSKI JUNIOR, Wanderlei"]
[Result "1/2-1/2"]
[WhiteElo "2286"]
[BlackElo "2039"]
[PlyCount "121"]
[EventDate "2013.07.24"]

1. e4 e6 2. d4 d5 3. Nd2 c5 4. exd5 Qxd5 5. Ngf3 Nc6 6. Bc4 Qh5 7. dxc5 Bxc5 8.
Ne4 Nf6 9. Nxc5 Qxc5 10. Qe2 Nd4 11. Nxd4 Qxd4 12. O-O Bd7 13. Rd1 Qe4 14. Be3
Bc6 15. f3 Qe5 16. Rd4 Nd5 17. Bf2 Qxe2 18. Bxe2 e5 19. Rd2 a6 20. Bc5 O-O-O
21. Rad1 Nf4 22. Bc4 Ne6 23. Bb6 Rxd2 24. Rxd2 Re8 25. Kf2 Bd7 26. Rd5 f6 27.
g3 Bc6 28. Rd6 Nc7 29. Bf1 Rd8 30. Rxd8+ Kxd8 31. c4 Kc8 32. b4 g6 33. Ke3 f5
34. f4 e4 35. Kd4 Ba4 36. Ke5 Bc2 37. Bh3 Bd3 38. g4 fxg4 39. Bxg4+ Kb8 40. Kd4
Ne8 41. f5 h5 42. Bh3 gxf5 43. Bxf5 Bxc4 44. Bg6 Bb5 45. Bxh5 Nf6 46. Bd1 e3
47. Bd8 e2 48. Bxe2 Bxe2 49. Bxf6 Kc7 50. Ke3 Bc4 51. a3 Kd6 52. Kf4 Ke6 53.
Kg5 Kf7 54. h4 Be2 55. Bd4 Kg8 56. h5 Kh7 57. h6 Bd3 58. Be3 Be4 59. Kf4 Bc6
60. Ke5 Bh1 61. Kd6 1/2-1/2

[Event "III Aberto do Brasil Cidade de MaringÃƒÂ"]
[Site "Country Club de MaringÃƒÂ¡ - P"]
[Date "2013.07.25"]
[Round "3"]
[White "SEKULA, Markley Ribas"]
[Black "MENNA BARRETO, Felipe Kubiaki"]
[Result "1/2-1/2"]
[WhiteElo "2015"]
[BlackElo "2277"]
[PlyCount "137"]
[EventDate "2013.07.24"]

1. e4 e5 2. Nf3 Nc6 3. Nc3 Nf6 4. d4 exd4 5. Nxd4 Bb4 6. Nxc6 bxc6 7. Bd3 d5 8.
exd5 cxd5 9. O-O O-O 10. Bg5 c6 11. Qf3 Be7 12. Rfe1 Be6 13. Ne2 h6 14. Bh4 c5
15. c3 Rb8 16. b3 Re8 17. Bc2 g5 18. Bg3 Bg4 19. Qd3 Bd6 20. f3 Bh5 21. Bxd6
Qxd6 22. Ng3 Bg6 23. Nf5 Bxf5 24. Qxf5 Re6 25. g3 Rbe8 26. Rxe6 Rxe6 27. Qd3
Qe5 28. Kf2 Kf8 29. Qd2 Ke7 30. Re1 Qxe1+ 31. Qxe1 Rxe1 32. Kxe1 Kd6 33. Ke2
Ke5 34. Kd3 h5 35. Bd1 h4 36. a3 hxg3 37. hxg3 Nd7 38. b4 f5 39. Ba4 c4+ 40.
Kd2 Nb6 41. Bb5 f4 42. g4 Na8 43. Bc6 Nc7 44. a4 Kd6 45. Bb7 Ne6 46. Bc8 Nd8
47. Ba6 Nf7 48. Bc8 Ne5 49. Ke2 Nc6 50. Bb7 Nd8 51. Bc8 Kc7 52. Bf5 Nc6 53. Be6
Kd6 54. Bf7 a5 55. Be8 Nd8 56. bxa5 Kc7 57. Bb5 Ne6 58. Kd2 Nc5 59. a6 Nb3+ 60.
Kc2 Kb6 61. Kd1 Nc5 62. a5+ Ka7 63. Bc6 Kxa6 64. Bxd5 Kb5 65. Kc2 Na6 66. Bb7
Nc7 67. a6 Nxa6 68. Bxa6+ Kxa6 69. Kb2 1/2-1/2

[Event "III Aberto do Brasil Cidade de MaringÃƒÂ"]
[Site "Country Club de MaringÃƒÂ¡ - P"]
[Date "2013.07.25"]
[Round "3"]
[White "PALOZI, Paulo Ricardo"]
[Black "DIAZ, Fernando"]
[Result "1-0"]
[WhiteElo "2251"]
[BlackElo "2017"]
[PlyCount "69"]
[EventDate "2013.07.24"]

1. d4 Nf6 2. c4 e6 3. Nc3 Bb4 4. a3 Bxc3+ 5. bxc3 c5 6. Qc2 Nc6 7. Nf3 d6 8.
Bf4 Qe7 9. Bg3 O-O 10. Rd1 e5 11. e3 Bg4 12. Be2 Rfe8 13. O-O Rac8 14. Bh4 e4
15. Ne5 Bxe2 16. Nxc6 bxc6 17. Qxe2 Qe6 18. Bxf6 Qxf6 19. Rb1 Rb8 20. Qc2 Qe7
21. Rb3 f5 22. Rfb1 Qc7 23. Qb2 Rxb3 24. Qxb3 Rc8 25. Qb7 g6 26. h3 Kf8 27. Qa6
Rb8 28. Rxb8+ Qxb8 29. Qxc6 Qb6 30. Qd7 Kg8 31. d5 a5 32. a4 h6 33. Qe6+ Kg7
34. Qe7+ Kg8 35. Qf6 1-0

[Event "III Aberto do Brasil Cidade de MaringÃƒÂ"]
[Site "Country Club de MaringÃƒÂ¡ - P"]
[Date "2013.07.25"]
[Round "3"]
[White "GAUCHE, Charles"]
[Black "TACCONI DA SILVA, Lucas"]
[Result "0-1"]
[WhiteElo "2204"]
[BlackElo "2007"]
[PlyCount "98"]
[EventDate "2013.07.24"]

1. c4 f5 2. Nc3 e6 3. d4 Nf6 4. Nf3 d5 5. g3 c6 6. Bg2 Bd6 7. c5 Bc7 8. Bf4
Bxf4 9. gxf4 Ne4 10. Nxe4 fxe4 11. Ne5 Nd7 12. e3 Nxe5 13. fxe5 Qa5+ 14. Qd2
Qxd2+ 15. Kxd2 O-O 16. Ke1 Bd7 17. Rf1 Rf5 18. f3 exf3 19. Rxf3 Raf8 20. Kf2
Be8 21. Rxf5 Rxf5+ 22. Kg1 Bg6 23. Bh3 Rg5+ 24. Kf2 Bf5 25. Bxf5 Rxf5+ 26. Ke2
Rh5 27. Rh1 Rh3 28. Kd3 Kf7 29. Rf1+ Ke7 30. Rf2 h5 31. Rg2 Kf7 32. b4 a6 33.
a4 h4 34. Rf2+ Ke7 35. Rb2 g5 36. Rg2 Kf7 37. Rxg5 Rxh2 38. b5 axb5 39. axb5
cxb5 40. Rh5 Kg6 41. Rh8 Rh3 42. Kc3 Rh1 43. Kb2 h3 44. Kc3 h2 45. Kc2 Kf5 46.
Rh4 b4 47. Kb2 b3 48. Rh8 Ke4 49. Rh3 Kd3 0-1

[Event "III Aberto do Brasil Cidade de MaringÃƒÂ"]
[Site "Country Club de MaringÃƒÂ¡ - P"]
[Date "2013.07.25"]
[Round "3"]
[White "MOURA, Pedro Camargo"]
[Black "OSIPI, Jair"]
[Result "0-1"]
[WhiteElo "2002"]
[BlackElo "2199"]
[PlyCount "68"]
[EventDate "2013.07.24"]

1. e4 c5 2. Nf3 Nc6 3. d4 cxd4 4. Nxd4 Nf6 5. Nc3 e5 6. Ndb5 d6 7. Bg5 a6 8.
Na3 b5 9. Nd5 Be7 10. Bxf6 Bxf6 11. c4 Nd4 12. cxb5 O-O 13. b6 Bb7 14. Nc4 Rc8
15. Be2 Rc5 16. b4 Rxd5 17. exd5 Bxd5 18. O-O Bxc4 19. Bxc4 Qxb6 20. Rb1 Qc6
21. Bb3 g6 22. Qg4 Kg7 23. Rfc1 Qb7 24. Rc4 h5 25. Qd1 h4 26. h3 Qe4 27. Qe1
Qf5 28. Rc7 e4 29. Qe3 Nb5 30. Rc4 d5 31. Rc5 Bd4 32. Rxd5 Qxd5 33. Bxd5 Bxe3
34. fxe3 Nc3 0-1

[Event "III Aberto do Brasil Cidade de MaringÃƒÂ"]
[Site "Country Club de MaringÃƒÂ¡ - P"]
[Date "2013.07.25"]
[Round "3"]
[White "DE SOUZA, Ivo Eduardo Medeiros"]
[Black "PERTUZATTI, Daniel"]
[Result "1/2-1/2"]
[WhiteElo "2193"]
[BlackElo "2000"]
[PlyCount "84"]
[EventDate "2013.07.24"]

1. d4 Nf6 2. Nf3 b6 3. g3 e6 4. Bg2 Bb7 5. O-O Na6 6. Nbd2 Be7 7. Re1 O-O 8. e4
d5 9. c3 c5 10. e5 Nd7 11. a3 Nab8 12. Nf1 Nc6 13. h4 Ba6 14. N1h2 Na5 15. Bg5
Bc4 16. b4 Nc6 17. Qb1 cxd4 18. cxd4 h6 19. Bxe7 Nxe7 20. g4 Ng6 21. g5 Re8 22.
gxh6 Nxh4 23. Qc1 Nf8 24. hxg7 Kxg7 25. Ng4 Nf5 26. Nf6 Ng6 27. Nxe8+ Qxe8 28.
Qg5 Qe7 29. Qxe7 Ngxe7 30. Bh3 Nh6 31. Kh2 Rh8 32. Rad1 Ng6 33. Kg3 Kf8 34. Rd2
Rg8 35. Ng5 Ne7 36. f4 a6 37. Kf2 Ng6 38. Ke3 Ke7 39. Rg1 Nh4 40. Kf2 Ng6 41.
Ke3 Nh4 42. Kf2 Ng6 1/2-1/2

[Event "III Aberto do Brasil Cidade de MaringÃƒÂ"]
[Site "Country Club de MaringÃƒÂ¡ - P"]
[Date "2013.07.25"]
[Round "3"]
[White "VILLALBA, Marcelo"]
[Black "MONTEIRO, Artur Fernando"]
[Result "1-0"]
[WhiteElo "2179"]
[BlackElo "1994"]
[PlyCount "45"]
[EventDate "2013.07.24"]

1. e4 e5 2. Nf3 Nc6 3. Nc3 Nf6 4. d4 exd4 5. Nxd4 Bb4 6. Nxc6 bxc6 7. Bd3 d5 8.
exd5 cxd5 9. O-O O-O 10. h3 Bxc3 11. bxc3 Re8 12. Qf3 c6 13. Bf4 Ne4 14. c4 Bf5
15. Rfe1 Bg6 16. cxd5 cxd5 17. c4 f5 18. Rad1 Kh8 19. Bf1 d4 20. Be3 dxe3 21.
Rxd8 exf2+ 22. Qxf2 Nxf2 23. Rexe8+ 1-0

[Event "III Aberto do Brasil Cidade de MaringÃƒÂ"]
[Site "Country Club de MaringÃƒÂ¡ - P"]
[Date "2013.07.25"]
[Round "3"]
[White "CRUZ, William Ferreira Da"]
[Black "BOABAID, Jorge Alberto Duarde"]
[Result "1-0"]
[WhiteElo "2170"]
[BlackElo "1855"]
[PlyCount "29"]
[EventDate "2013.07.24"]

1. d4 Nf6 2. c4 d5 3. cxd5 Nxd5 4. Nf3 e6 5. e4 Nf6 6. Nc3 Bb4 7. Bd3 O-O 8. e5
Nd5 9. Bxh7+ Kxh7 10. Ng5+ Kg6 11. h4 Qe7 12. h5+ Kh6 13. Qd3 f5 14. exf6 Rxf6
15. Qh7# 1-0

[Event "III Aberto do Brasil Cidade de MaringÃƒÂ"]
[Site "Country Club de MaringÃƒÂ¡ - P"]
[Date "2013.07.25"]
[Round "3"]
[White "GONCALVES, Ivan Mesquita V"]
[Black "MEDEIROS, Thauane Ferreira"]
[Result "1-0"]
[WhiteElo "2169"]
[BlackElo "1836"]
[PlyCount "79"]
[EventDate "2013.07.24"]

1. e4 c5 2. Nf3 d6 3. c3 Nf6 4. h3 Nc6 5. Bd3 g6 6. Bc2 Bg7 7. O-O O-O 8. d4
cxd4 9. cxd4 e6 10. Nc3 d5 11. e5 Nd7 12. b3 a6 13. h4 b5 14. h5 Qc7 15. Bd2 b4
16. Na4 a5 17. Be3 Ba6 18. Re1 Bb5 19. hxg6 hxg6 20. Ng5 Bxa4 21. bxa4 Nb6 22.
Rc1 Nc4 23. Qg4 Rfe8 24. Qh4 Rac8 25. Qh7+ Kf8 26. Bd3 Ne7 27. g4 Qd7 28. Qh4
Nxe3 29. fxe3 Rxc1 30. Rxc1 Rc8 31. Rf1 Ke8 32. Bb5 Nc6 33. Qh7 f6 34. exf6 Bf8
35. Qxg6+ Kd8 36. Rc1 Rc7 37. f7 Qd6 38. Kg2 Ke7 39. Nh7 Nd8 40. Qf6# 1-0

[Event "III Aberto do Brasil Cidade de MaringÃƒÂ"]
[Site "Country Club de MaringÃƒÂ¡ - P"]
[Date "2013.07.25"]
[Round "3"]
[White "DE OLIVEIRA, Francemir Barra"]
[Black "CAETANO, Hugo Zanotti Mendonc"]
[Result "0-1"]
[WhiteElo "1811"]
[BlackElo "2152"]
[PlyCount "70"]
[EventDate "2013.07.24"]

1. e4 c5 2. Nf3 Nc6 3. d4 cxd4 4. Nxd4 g6 5. Be2 Bg7 6. Be3 Nf6 7. Nc3 O-O 8.
g4 d6 9. g5 Ne8 10. h4 Qa5 11. Qd2 Qb4 12. O-O-O Nxd4 13. Bxd4 Be6 14. Bxg7
Nxg7 15. h5 Rac8 16. Rh2 Rxc3 17. Qxc3 Qxe4 18. Qd2 Rc8 19. Kb1 gxh5 20. Bxh5
Nf5 21. Be2 Bxa2+ 22. Kxa2 Rxc2 23. Qd3 Rxe2 24. Qb3 a5 25. Rc1 Nd4 26. Qh3 Nc2
27. Qc8+ Kg7 28. Qc3+ e5 29. Qb3 a4 30. Qh3 a3 31. Qh6+ Kg8 32. g6 Qc4+ 33. b3
Nd4+ 34. Ka1 Nxb3+ 35. Kb1 a2# 0-1

[Event "III Aberto do Brasil Cidade de MaringÃƒÂ"]
[Site "Country Club de MaringÃƒÂ¡ - P"]
[Date "2013.07.25"]
[Round "3"]
[White "OLIVEIRA, Fernando Henrique"]
[Black "BORGES, Ivoney"]
[Result "1-0"]
[WhiteElo "2116"]
[BlackElo "1762"]
[PlyCount "59"]
[EventDate "2013.07.24"]

1. d4 f5 2. Nf3 Nf6 3. g3 e6 4. Bg2 d5 5. O-O Bd6 6. c4 c6 7. Nc3 O-O 8. Qc2
Ne4 9. Nd2 Nd7 10. f3 Nxc3 11. Qxc3 f4 12. gxf4 Bxf4 13. e3 Bd6 14. f4 Nf6 15.
Kh1 Qe8 16. Bf3 Qg6 17. Rg1 Qh6 18. Nf1 Qh3 19. Ng3 h5 20. Qc2 Kf7 21. Qe2 Rh8
22. Bd2 Bd7 23. Rg2 Rag8 24. Rag1 g5 25. fxg5 Rxg5 26. e4 Rxg3 27. Rxg3 Bxg3
28. Rxg3 Qh4 29. Bg5 Qxg3 30. hxg3 1-0

[Event "III Aberto do Brasil Cidade de MaringÃƒÂ"]
[Site "Country Club de MaringÃƒÂ¡ - P"]
[Date "2013.07.25"]
[Round "3"]
[White "MENDONCA CAMPELO, Higor Carlos"]
[Black "STAMENKOVIC, Dragan"]
[Result "1/2-1/2"]
[WhiteElo "2061"]
[BlackElo "2388"]
[PlyCount "35"]
[EventDate "2013.07.24"]

1. e4 c5 2. Nf3 Nc6 3. d4 cxd4 4. Nxd4 Nf6 5. Nc3 d6 6. Be2 g6 7. Be3 Bg7 8.
O-O O-O 9. Nb3 a6 10. f4 b5 11. Bf3 Bb7 12. Qd2 Nd7 13. e5 Nb6 14. Bxc6 Bxc6
15. Na5 Qc7 16. exd6 exd6 17. Rad1 Nd5 18. Nxd5 1/2-1/2

[Event "III Aberto do Brasil Cidade de MaringÃƒÂ"]
[Site "Country Club de MaringÃƒÂ¡ - P"]
[Date "2013.07.25"]
[Round "3"]
[White "FELICIANO, Nilo"]
[Black "CAVALCANTI, Francisco De Assis"]
[Result "0-1"]
[WhiteElo "2040"]
[BlackElo "2289"]
[PlyCount "48"]
[EventDate "2013.07.24"]

1. d4 Nf6 2. Nf3 e6 3. Bf4 c5 4. e3 Qb6 5. Nbd2 Qxb2 6. Bd3 Qc3 7. O-O d5 8.
dxc5 Nc6 9. Rb1 Qxc5 10. e4 dxe4 11. Bxe4 Be7 12. Qe2 O-O 13. Rb5 Qa3 14. Rb3
Qa4 15. c4 Nxe4 16. Nxe4 Na5 17. Rc3 Rd8 18. c5 Bd7 19. Nfg5 Bxg5 20. Bxg5 Bb5
21. Qg4 f5 22. Qh4 Rd1 23. Rc1 Rxf1+ 24. Rxf1 Qxe4 0-1

[Event "III Aberto do Brasil Cidade de MaringÃƒÂ"]
[Site "Country Club de MaringÃƒÂ¡ - P"]
[Date "2013.07.25"]
[Round "3"]
[White "BOFF, Andre Ricardo"]
[Black "FELICIANO EBERT, Vanessa"]
[Result "0-1"]
[WhiteElo "2008"]
[BlackElo "2247"]
[PlyCount "48"]
[EventDate "2013.07.24"]

1. d4 Nf6 2. Nf3 g6 3. e3 Bg7 4. Be2 O-O 5. O-O d6 6. b3 Nbd7 7. Bb2 Re8 8. c4
c6 9. Nc3 e5 10. Re1 e4 11. Nd2 Nf8 12. Nf1 h5 13. Rb1 N8h7 14. b4 d5 15. cxd5
cxd5 16. Qc2 Be6 17. Rec1 Ng4 18. Na4 Qh4 19. Bd1 Bf8 20. Nc5 Bd6 21. h3 Ng5
22. Nxe6 Rxe6 23. f3 exf3 24. hxg4 hxg4 0-1

[Event "III Aberto do Brasil Cidade de MaringÃƒÂ"]
[Site "Country Club de MaringÃƒÂ¡ - P"]
[Date "2013.07.25"]
[Round "3"]
[White "MARTINS, Carlos"]
[Black "DOTORIVO DE SOUSA, Eduardo"]
[Result "1/2-1/2"]
[WhiteElo "2241"]
[BlackElo "1998"]
[PlyCount "47"]
[EventDate "2013.07.24"]

1. e4 e6 2. d4 d5 3. Nd2 c5 4. Ngf3 Nc6 5. exd5 exd5 6. Be2 Bd6 7. dxc5 Bxc5 8.
Nb3 Bd6 9. c3 Nge7 10. O-O O-O 11. Be3 Qc7 12. Nbd4 a6 13. h3 Bd7 14. Re1 Rad8
15. Nxc6 Qxc6 16. Nd4 Qc8 17. Bf1 Rfe8 18. Qf3 Bc6 19. Bd3 Ng6 20. Qh5 Re5 21.
Nf5 Bf8 22. Bd4 Rxe1+ 23. Rxe1 Re8 24. Rxe8 1/2-1/2

[Event "III Aberto do Brasil Cidade de MaringÃƒÂ"]
[Site "Country Club de MaringÃƒÂ¡ - P"]
[Date "2013.07.25"]
[Round "3"]
[White "CARVALHO, Herbert Abreu"]
[Black "BARBOSA, Jefferson Lucas Munh"]
[Result "1-0"]
[WhiteElo "2186"]
[BlackElo "1914"]
[PlyCount "44"]
[EventDate "2013.07.24"]

1. d4 Nf6 2. Nf3 g6 3. c4 c5 4. g3 cxd4 5. Nxd4 Bg7 6. Bg2 O-O 7. O-O Nc6 8. c5
Qa5 9. Nb3 Qa6 10. e4 d6 11. cxd6 Rd8 12. Bf4 Bg4 13. f3 Qb6+ 14. Kh1 Nxe4 15.
Qe2 Nd4 16. Nxd4 Bxd4 17. fxg4 Nf2+ 18. Rxf2 Bxf2 19. dxe7 Re8 20. Nc3 Bd4 21.
Nd5 Qxb2 22. Qxb2 Bxb2 1-0

[Event "III Aberto do Brasil Cidade de MaringÃƒÂ"]
[Site "Country Club de MaringÃƒÂ¡ - P"]
[Date "2013.07.26"]
[Round "4"]
[White "UTIYAMA, Marcel Heimar Ribeir"]
[Black "MARECO, Sandro"]
[Result "0-1"]
[WhiteElo "2185"]
[BlackElo "2562"]
[PlyCount "58"]
[EventDate "2013.07.24"]

1. e4 c5 2. Nf3 d6 3. d4 cxd4 4. Nxd4 Nf6 5. Nc3 a6 6. Bg5 Nbd7 7. f4 Qa5 8.
Qf3 h6 9. Bxf6 Nxf6 10. h3 e5 11. Nb3 Qc7 12. fxe5 dxe5 13. O-O-O Be6 14. Qg3
Rc8 15. Bd3 g6 16. Rhf1 Bg7 17. Kb1 O-O 18. Qe3 b5 19. Rd2 Rfd8 20. g4 Nd7 21.
Rfd1 Nb6 22. Be2 Rxd2 23. Rxd2 Bf6 24. Nd5 Bxd5 25. exd5 Bg5 26. Qd3 e4 27.
Qxe4 Bxd2 28. Nxd2 Nxd5 29. Bd3 Nf4 0-1

[Event "III Aberto do Brasil Cidade de MaringÃƒÂ"]
[Site "Country Club de MaringÃƒÂ¡ - P"]
[Date "2013.07.26"]
[Round "4"]
[White "BACHMANN, Axel"]
[Black "VILLALBA, Marcelo"]
[Result "1/2-1/2"]
[WhiteElo "2536"]
[BlackElo "2179"]
[PlyCount "78"]
[EventDate "2013.07.24"]

1. d4 d5 2. Nf3 e6 3. c4 Nf6 4. g3 dxc4 5. Qa4+ Nbd7 6. Bg2 a6 7. Qxc4 b5 8.
Qd3 Bb7 9. O-O c5 10. Bg5 h6 11. Bxf6 Nxf6 12. Nbd2 cxd4 13. Rac1 Bb4 14. Nb3
O-O 15. a3 Be7 16. Nfxd4 Bxg2 17. Kxg2 Qd5+ 18. Qf3 Rfc8 19. Nc6 Qxf3+ 20. Kxf3
Kf8 21. Nba5 Nd7 22. Rfd1 Ke8 23. Kg2 Bf6 24. b3 Rc7 25. Rb1 Rac8 $11 26. Rd6
Nc5 27. Nb4 Rd7 28. Rb6 Bd8 29. Rc6 Rxc6 30. Naxc6 a5 31. Nc2 Rc7 32. N6d4 Ne4
33. Ne3 Nc3 34. Rc1 Bf6 35. Nf3 Nd5 36. Rxc7 Nxc7 37. a4 bxa4 38. bxa4 Na6 39.
Nc4 Nc5 1/2-1/2

[Event "III Aberto do Brasil Cidade de MaringÃƒÂ"]
[Site "Country Club de MaringÃƒÂ¡ - P"]
[Date "2013.07.26"]
[Round "4"]
[White "BRODAY, Geovani Allan"]
[Black "SANTIAGO, Yago De Moura"]
[Result "1/2-1/2"]
[WhiteElo "2097"]
[BlackElo "2409"]
[PlyCount "123"]
[EventDate "2013.07.24"]

1. e4 e6 2. d3 b6 3. Nf3 Bb7 4. g3 d5 5. Nbd2 Nf6 6. Qe2 Be7 7. Bg2 c5 8. O-O
d4 9. a4 Nc6 10. Nc4 O-O 11. Nfe5 Nxe5 12. Nxe5 Nd7 13. Nxd7 Qxd7 14. b3 a6 15.
Bb2 Bc6 16. Rfb1 b5 17. axb5 axb5 18. Qd1 Rab8 19. f4 Rfd8 20. Qe1 h6 21. Bc1
Ra8 22. Bd2 c4 23. bxc4 bxc4 24. dxc4 Rxa1 25. Rxa1 d3 26. cxd3 Qxd3 27. Ba5
Bc5+ 28. Kh1 Rd4 29. Qf1 Qxc4 30. Qxc4 Rxc4 31. e5 Bxg2+ 32. Kxg2 $11 Rc2+ 33.
Kh3 h5 34. Rd1 Ra2 35. Bc3 Kh7 36. Rd2 Ra3 37. Bd4 Be7 38. Kg2 Kg6 39. Bf2 Bb4
40. Re2 Kf5 41. Rb2 Bc3 42. Re2 g5 43. Be3 gxf4 44. Bxf4 Bd4 45. Kh3 Ra5 46.
Kh4 Bxe5 47. Bxe5 Rxe5 48. Rxe5+ Kxe5 49. Kxh5 Kf5 50. Kh4 e5 51. Kh3 Ke4 52.
Kg2 Kd3 53. h4 e4 54. h5 e3 55. h6 e2 56. h7 e1=Q 57. h8=Q Qe4+ 58. Kh2 f5 59.
Qd8+ Ke2 60. Qa5 Qc2 61. Kh3 Kf1 62. Qa1+ 1/2-1/2

[Event "III Aberto do Brasil Cidade de MaringÃƒÂ"]
[Site "Country Club de MaringÃƒÂ¡ - P"]
[Date "2013.07.26"]
[Round "4"]
[White "FERNANDEZ, Daniel"]
[Black "GONCALVES, Ivan Mesquita V"]
[Result "1-0"]
[WhiteElo "2398"]
[BlackElo "2169"]
[PlyCount "153"]
[EventDate "2013.07.24"]

1. d4 Nf6 2. Nc3 d5 3. Bg5 e6 4. e4 dxe4 5. Nxe4 Nbd7 6. Nf3 h6 7. Nxf6+ Nxf6
8. Bh4 c5 9. Bxf6 gxf6 10. Bb5+ Bd7 11. Bxd7+ Qxd7 12. dxc5 Qxd1+ 13. Rxd1 Bxc5
14. Nd2 Rd8 15. Ke2 Ke7 16. Ne4 Bb6 17. g4 h5 18. h3 hxg4 19. hxg4 Rxd1 20.
Rxd1 Rh2 21. Rf1 Bd4 22. c3 Be5 23. Ke3 Rh3+ 24. f3 Bc7 25. c4 Rh2 26. Rf2 Rh1
27. Kd3 Bf4 28. c5 Rd1+ 29. Kc4 Rd5 30. Re2 Be5 31. b4 Rd4+ 32. Kb5 a6+ 33. Ka4
Rd3 34. Rf2 Bf4 35. c6 b6 36. Rc2 Bc7 37. Rc3 Rxc3 38. Nxc3 Kd6 39. b5 a5 40.
Kb3 Ke5 41. Ne2 f5 42. gxf5 Kxf5 43. a4 f6 44. Kc4 Ke5 45. f4+ Kd6 46. f5 exf5
47. Nf4 Ke7 48. Nd5+ Kd8 49. Nxf6 Bh2 50. Nd5 Bg1 51. Kd3 Kc8 52. Ne7+ Kd8 53.
Nxf5 Kc8 54. Ke4 Kc7 55. Kd5 Bh2 56. Ng7 Bg3 57. Ne8+ Kc8 58. Ke6 Bh2 59. Nf6
Bg1 60. Nd5 Bf2 61. Kd6 Bg3+ 62. Ke7 Bf2 63. c7 Bg3 64. Ke6 Bh2 65. Nxb6+ Kxc7
66. Nc4 Bg3 67. Nxa5 Kb6 68. Nb3 Be1 69. Kd5 Bf2 70. Kc4 Be1 71. a5+ Ka7 72.
Kd5 Bc3 73. Kc6 Be1 74. a6 Bf2 75. Nc5 Bg1 76. b6+ Kb8 77. Nd7+ 1-0

[Event "III Aberto do Brasil Cidade de MaringÃƒÂ"]
[Site "Country Club de MaringÃƒÂ¡ - P"]
[Date "2013.07.26"]
[Round "4"]
[White "QUINTILIANO PINTO, Renato R"]
[Black "OLIVEIRA, Fernando Henrique"]
[Result "1-0"]
[WhiteElo "2308"]
[BlackElo "2116"]
[PlyCount "87"]
[EventDate "2013.07.24"]

1. d4 d5 2. Nf3 Nf6 3. c4 c6 4. e3 g6 5. Nc3 Bg7 6. Be2 O-O 7. O-O a6 8. a4 a5
9. Qb3 Na6 10. cxd5 Nxd5 11. e4 Ndb4 12. Be3 Bg4 13. Rfd1 Be6 14. d5 cxd5 15.
exd5 Bf5 16. Rac1 Rc8 17. Ne1 Nc5 18. Qa3 h5 19. Na2 Nxa2 20. Rxc5 Nb4 21. Rb5
Qc7 22. h3 Bd7 23. Rc5 Qd8 24. Qb3 b6 25. Rxc8 Bxc8 26. Nc2 Nxc2 27. Qxc2 Qd6
28. Qb3 Bd7 29. Bb5 Bf5 30. Rc1 Be4 31. Bc6 Rd8 32. Qxb6 Rb8 33. Qxa5 Rxb2 34.
Qa7 Ra2 35. Qc5 Qe5 36. a5 g5 37. Bb7 Bd3 38. a6 Bxa6 39. Bxa6 Bf6 40. Bc4 Rb2
41. Qc8+ Kg7 42. Qd7 h4 43. Rd1 Qe4 44. Bd3 1-0

[Event "III Aberto do Brasil Cidade de MaringÃƒÂ"]
[Site "Country Club de MaringÃƒÂ¡ - P"]
[Date "2013.07.26"]
[Round "4"]
[White "DEUS FILHO, Joaquim De"]
[Black "PALOZI, Paulo Ricardo"]
[Result "0-1"]
[WhiteElo "2040"]
[BlackElo "2251"]
[PlyCount "98"]
[EventDate "2013.07.24"]

1. e4 e5 2. d4 exd4 3. Qxd4 Nc6 4. Qe3 Nf6 5. Nc3 b6 6. Bd2 Bc5 7. Qg3 O-O 8.
O-O-O Qe8 9. Bh6 Nh5 10. Qg4 f5 11. exf5 d6 12. Qc4+ Kh8 13. g4 gxh6 14. gxh5
Qxh5 15. Nd5 Ne5 16. Qc3 Bxf2 17. Be2 Qxf5 18. Nf3 Bb7 19. Rhf1 Qe4 20. Rxf2
Bxd5 21. Rd4 Qxe2 22. Rxe2 Rxf3 23. Rxd5 Rxc3 24. bxc3 Rf8 25. Rdxe5 dxe5 26.
Rxe5 Kg7 27. h4 Kf6 28. Rd5 Re8 29. Rh5 Kg6 30. Rd5 Re6 31. Kb2 h5 32. Rg5+ Kh6
33. Rf5 Re4 34. Rf6+ Kg7 35. Rc6 Rxh4 36. Rxc7+ Kg6 37. Rxa7 Rf4 38. Ra8 h4 39.
Rg8+ Kh5 40. Rg7 h6 41. Kb3 h3 42. Rg1 Kh4 43. c4 h2 44. Rh1 Kg3 45. a4 Kg2 46.
Rxh2+ Kxh2 47. c5 bxc5 48. a5 Rb4+ 49. Ka3 Kg3 0-1

[Event "III Aberto do Brasil Cidade de MaringÃƒÂ"]
[Site "Country Club de MaringÃƒÂ¡ - P"]
[Date "2013.07.26"]
[Round "4"]
[White "LEBREDO ZARAGOITIA, Gerardo"]
[Black "TACCONI DA SILVA, Lucas"]
[Result "1/2-1/2"]
[WhiteElo "2209"]
[BlackElo "2007"]
[PlyCount "49"]
[EventDate "2013.07.24"]

1. Nf3 f5 2. b3 Nf6 3. Bb2 e6 4. g3 d5 5. c4 c6 6. Na3 Bd6 7. cxd5 exd5 8. Nc2
O-O 9. Bg2 f4 10. gxf4 Bxf4 11. Rg1 Bg4 $11 12. Ne3 Bxe3 13. dxe3 Qa5+ 14. Qd2
Qxd2+ 15. Kxd2 Nbd7 16. Ne5 Nxe5 17. Bxe5 Bf5 18. Bd4 Bg6 $11 19. Bf3 Be4 20.
Rg2 Bxf3 21. exf3 g6 22. a4 a5 23. Rc1 Nh5 24. f4 Ng7 25. Bxg7 $11 1/2-1/2

[Event "III Aberto do Brasil Cidade de MaringÃƒÂ"]
[Site "Country Club de MaringÃƒÂ¡ - P"]
[Date "2013.07.26"]
[Round "4"]
[White "CAVALCANTI, Francisco De Assis"]
[Black "CARVALHO, Herbert Abreu"]
[Result "1/2-1/2"]
[WhiteElo "2289"]
[BlackElo "2186"]
[PlyCount "60"]
[EventDate "2013.07.24"]

1. d4 Nf6 2. c4 g6 3. Nc3 Bg7 4. e4 d6 5. f3 O-O 6. Be3 b6 7. Qd2 c5 8. d5 e6
9. Nge2 exd5 10. cxd5 Nbd7 11. Ng3 Ne5 12. Be2 a6 13. a4 Ne8 14. O-O h5 15. Nh1
f5 16. exf5 Bxf5 17. Ng3 Bc8 18. Nge4 Nf7 19. Kh1 Ra7 20. Rad1 Re7 21. Rfe1 Nc7
22. Bf1 Bf5 23. Qc1 Qd7 24. Ng3 Rfe8 25. Nxf5 Qxf5 26. Bd3 Qf6 27. Bg1 Kh7 28.
Rxe7 Qxe7 29. Qc2 Qg5 30. f4 Qh6 1/2-1/2

[Event "III Aberto do Brasil Cidade de MaringÃƒÂ"]
[Site "Country Club de MaringÃƒÂ¡ - P"]
[Date "2013.07.26"]
[Round "4"]
[White "COSTA, Paulo Cesar"]
[Black "PROUDIAN, Armen"]
[Result "0-1"]
[WhiteElo "2054"]
[BlackElo "2286"]
[PlyCount "74"]
[EventDate "2013.07.24"]

1. d4 Nf6 2. Nf3 e6 3. g3 b5 4. Bg2 Bb7 5. O-O c5 6. c3 Be7 7. Bg5 cxd4 8. Nxd4
Bxg2 9. Kxg2 Qb6 10. Qd3 a6 11. Nd2 d5 12. Kg1 Nbd7 13. N4f3 O-O 14. Nb3 Rfc8
15. Bxf6 Nxf6 16. Nfd2 a5 17. Rac1 a4 18. Nd4 Nd7 19. N4f3 Qb7 20. a3 Bf6 21.
Qb1 Nb6 22. e4 Rd8 23. e5 Be7 24. Nd4 Nd7 25. f4 Bc5 26. N2f3 Nb6 27. Qd3 Nc4
28. Qe2 Re8 29. h4 f6 30. Kh2 fxe5 31. fxe5 Bxd4 32. cxd4 h6 33. Rf2 Rf8 34.
Rcf1 b4 35. axb4 Qxb4 36. Rc1 Qxb2 37. Rc2 Qb3 0-1